Statistiken für Satellitenbilder #6

Klicken Sie hier um das Quiz zu spielen!

Allgemein

  • Dieses Quiz wurde 1.832 mal gespielt
  • Das Durchschnittsergebnis liegt bei 9 aus 16

Antwortstatistiken

Antwort% Korrekt
Das Kolosseum
82%
Adriatisches Meer
81%
Katar
77%
Schweiz
73%
Bangladesch
71%
Istanbul
67%
Cheops-Pyramide
66%
Singapur
59%
Bahamas
58%
{Südchinesisches} Meer
49%
Aralsee
45%
Java
40%
Indochina
33%
Beringstraße
29%
Río de la Plata
12%
Perlfluss-Delta
10%

Verteilung der Resultate

Perzentil nach korrekt beantworteten Fragen

Anzahl Personen mit jedem Resultat

Ihre Resultats-Entwicklung

Sie haben dieses Quiz noch nicht gespielt